| 000 | 00989cam a22003133a 4500 | ||
|---|---|---|---|
| 001 | 16401913 | ||
| 003 | PILC | ||
| 005 | 20160119103910.0 | ||
| 008 | 930224s1993 nyu j 000 1 eng d | ||
| 010 | _a 98813978 | ||
| 020 |
_a0553299794 (pbk.) : _c$2.99 |
||
| 035 | _a(OCoLC)ocm27536608 | ||
| 040 |
_aOCO _cOCO _dSLC _dDLC |
||
| 050 |
_aPZ 7 _b.Si617 1993 |
||
| 082 |
_aKF _bSi6sd 1993 |
||
| 100 | 1 |
_aSingleton, Linda Joy. _97130 |
|
| 245 | 1 | 0 |
_aLove to spare _cLinda Joy Singleton. |
| 260 |
_aNew York : _bBantam Books, _cc1993. |
||
| 300 |
_a136 p. ; _c18 cm. |
||
| 440 | 0 |
_aBantam sweet dreams romances ; _v#200 _97131 |
|
| 562 | _efor circulation. 1 copy available in the collection | ||
| 650 |
_aFiction _9746 |
||
| 655 | 7 |
_aYoung adult fiction. _2lcsh _93735 |
|
| 655 | 7 |
_aLove stories. _2gsafd _92799 |
|
| 710 | 2 |
_aCopyright Paperback Collection (Library of Congress) _5DLC _9705 |
|
| 906 |
_a7 _bcbc _ccopycat _d2 _encip _f19 _gy-genrareb |
||
| 942 |
_2lcc _cBK |
||
| 999 |
_c8375 _d8375 |
||